Abhandlungen der Preussusche Kadmie der Wissenschaften

محفوظ في:

المؤلف الرئيسي: Adolf Erman

التنسيق: كتاب

اللغة: Undetermined

منشور في: 1925

الوسوم: إضافة وسم

لا توجد وسوم, كن أول من يضع وسما على هذه التسجيلة!

رقم الطلب: PJ1964.E7 A22

LEADER 00419nam a2200121Ia 4500
008 230909s9999||||xx |||||||||||||| ||und||
050 4 |a PJ1964.E7 A22  
100 1 |a Adolf Erman  
245 1 0 |a Abhandlungen der Preussusche Kadmie der Wissenschaften  
264 1 |c 1925 
942 |2 lcc  |c BK 
952 |0 0  |1 0  |2 lcc  |4 0  |6 PJ1964 E7 A22  |7 1  |9 50012  |a ARCE  |b ARCE  |d 2023-09-09  |l 0  |o PJ1964.E7 A22   |r 2023-09-09 00:00:00  |w 2023-09-09  |y BK 
999 |c 54635  |d 54635